Functional Analysis and Differential Equations in Abstract Spaces /

Gespeichert in:
Bibliographische Detailangaben
1. Verfasser: Zaidman, Samuel (autor)
Format: Buch
Sprache:Englisch
Veröffentlicht: Boca Ratón, EUA : Chapman and Hall : CRC Press, 1999, c1999
Schriftenreihe:(Monographs and Surveys in Pure and Applied Mathematics ; 100)
Schlagworte:
Tags: Tag hinzufügen
Keine Tags, Fügen Sie das erste Tag hinzu!

MARC

LEADER 00000nam^a2200000^a^4500
001 000136282
005 20260624000000.0
009 20260625162651.61
020 |a 1-58488-011-2 
037 |a Acervo ITESO - Biblioteca 
041 |a ING 
082 |a 515. 7  |b ZAI 
100 |a Zaidman, Samuel  |e (autor) 
245 1 0 |a Functional Analysis and Differential Equations in Abstract Spaces /  |c S. Zaidman. 
264 4 |a Boca Ratón, EUA :  |b Chapman and Hall :  |b CRC Press,  |c 1999, c1999 
300 |a 226 p. 
336 |a texto  |b txt  |2 rdacontenido 
337 |a sin mediación  |b n  |2 rdamedio 
338 |a volumen  |b nc  |2 rdasoporte 
440 1 |a (Monographs and Surveys in Pure and Applied Mathematics ;  |v 100) 
649 |a XX 
650 |a Ecuaciones Diferenciales 
650 |a Espacios Generalizados 
650 |a Operadores -  |x Teoría 
650 |a Análisis Funcional 
650 |a Análisis Matemático 
650 |a Matemáticas 
910 |a Fondo General 
920 |a Impresos - Libros 
930 |a Colección General 
905 |a 101 
901 |a 0500065009  |b IT1  |c ACC  |u 20260624 
902 |a https://opac.biblio.iteso.mx/vufind/Record/000136282